Mountains and volcanoes / (Record no. 8951)

MARC details
000 -LEADER
fixed length control field 01844cam a2200421 a 4500
001 - CONTROL NUMBER
control field 8951
003 - CONTROL NUMBER IDENTIFIER
control field FISKH
005 - DATE AND TIME OF LATEST TRANSACTION
control field 20260105160425.0
008 - FIXED-LENGTH DATA ELEMENTS--GENERAL INFORMATION
fixed length control field 020408r20011993nyuab j 001 0 eng
010 ## - LIBRARY OF CONGRESS CONTROL NUMBER
LC control number 2002279699
020 ## - INTERNATIONAL STANDARD BOOK NUMBER
International Standard Book Number 0753455072
020 ## - INTERNATIONAL STANDARD BOOK NUMBER
International Standard Book Number 9780753455074
040 ## - CATALOGING SOURCE
Original cataloging agency DLC
Transcribing agency DLC
Modifying agency DLC
Language of cataloging eng
050 00 - LIBRARY OF CONGRESS CALL NUMBER
Classification number GB512
Item number .T39 2001
082 00 - DEWEY DECIMAL CLASSIFICATION NUMBER
Classification number 551.43/2
Edition number 21
100 1# - MAIN ENTRY--PERSONAL NAME
Personal name Taylor, Barbara,
Dates associated with a name 1954-
245 10 - TITLE STATEMENT
Title Mountains and volcanoes /
Statement of responsibility, etc. Barbara Taylor.
260 ## - PUBLICATION, DISTRIBUTION, ETC.
Place of publication, distribution, etc. New York :
Name of publisher, distributor, etc. Kingfisher,
Date of publication, distribution, etc. 1993.
300 ## - PHYSICAL DESCRIPTION
Extent 30 pages :
Other physical details color illustrations ; color map ;
Dimensions 24 cm
336 ## - CONTENT TYPE
Content type term text
Content type code txt
Source rdacontent
337 ## - MEDIA TYPE
Media type term unmediated
Media type code n
Source rdamedia
338 ## - CARRIER TYPE
Carrier type term volume
Carrier type code nc
Source rdacarrier
440 #0 - SERIES STATEMENT/ADDED ENTRY--TITLE
Title Young discoverers
500 ## - GENERAL NOTE
General note "First published in 1993"--T.p. verso.
500 ## - GENERAL NOTE
General note Includes index.
505 0# - FORMATTED CONTENTS NOTE
Formatted contents note Our changing world -- Deep inside the Earth -- Earthquake! -- Building mountains -- The Himalayas -- Wearing mountains away -- Reading the rocks -- The exploding Earth -- Fire islands -- Fiery rocks -- Hot water -- Amazing mountains.
520 ## - SUMMARY, ETC.
Summary, etc. Describes how different types of mountains are formed, the composition of various kinds of rock, volcanic mountains, and the process of erosion. Includes instructions for related projects and demonstrations.
650 #0 - SUBJECT ADDED ENTRY--TOPICAL TERM
Topical term or geographic name entry element Mountains
Form subdivision Juvenile literature.
650 #0 - SUBJECT ADDED ENTRY--TOPICAL TERM
Topical term or geographic name entry element Volcanoes
Form subdivision Juvenile literature.
650 #1 - SUBJECT ADDED ENTRY--TOPICAL TERM
Topical term or geographic name entry element Mountains.
650 #1 - SUBJECT ADDED ENTRY--TOPICAL TERM
Topical term or geographic name entry element Volcanoes.
655 #7 - INDEX TERM--GENRE/FORM
Genre/form data or focus term Literature.
Source of term lcgft
Authority record control number or standard number https://id.loc.gov/authorities/genreForms/gf2014026415
856 42 - ELECTRONIC LOCATION AND ACCESS
Materials specified Publisher description
Uniform Resource Identifier <a href="http://www.loc.gov/catdir/description/hm022/2002279699.html">http://www.loc.gov/catdir/description/hm022/2002279699.html</a>
856 42 - ELECTRONIC LOCATION AND ACCESS
Materials specified Contributor biographical information
Uniform Resource Identifier <a href="http://www.loc.gov/catdir/enhancements/fy0736/2002279699-b.html">http://www.loc.gov/catdir/enhancements/fy0736/2002279699-b.html</a>
906 ## - LOCAL DATA ELEMENT F, LDF (RLIN)
a 7
b cbc
c origcop
d 2
e ncip
f 20
g y-gencatlg
942 ## - ADDED ENTRY ELEMENTS (KOHA)
Source of classification or shelving scheme Dewey Decimal Classification
Koha item type Books
Suppress in OPAC No
Holdings
Withdrawn status Lost status Source of classification or shelving scheme Damaged status Not for loan Collection Home library Current library Shelving location Date acquired Total Checkouts Full call number Barcode Date last seen Copy number Price effective from Koha item type
    Dewey Decimal Classification     Non-Fiction Footprints International School Library Network Toul Tom Poung Campus Footprints International School Library Network Toul Tom Poung Campus TTP Secondary Non-Fiction Bookshelves 11/11/2025   TAY 551.21 GB512 .T39 FIS01411 11/11/2025 1 11/11/2025 Books